000 00912nas a2200289 4500
001 BR0707026
003 BR-BrBNA
005 20231205111333.0
007 ta
008 230509b bl.|||p| |||| 00| 00por d
040 _aBR-BrBNA
_bpor
_cBiblioteca Nacional de Agricultura
041 _a(Pt)
072 _aL50
100 1 _aBressan, M.S.
100 1 _aFonseca, C.C.
100 1 _aMenin, E.
100 1 _aPaula, T.A.R. de
245 1 _aAspectos anátomo-histológicos e neuroendócrinos do ceco da capivara Hydrochoerus hydrochaeris Linnaeus, 1766 (Mammalia, rodentia)
650 _aCAPIVARA
650 _aHISTOLOGIA
650 _aCÉLULA
650 _aGÂNGLIO
650 _aCECO
773 0 _tArquivos de Ciências Veterinárias e Zoologia da UNIPAR (Brazil)
_xISSN 1415-8167
_g(Jul-Dec 2005), v. 8(2) p. 197-203
_wBR0707026
909 _a202311
_bLúcia
_c55
_dLúcia Elande
942 _2AGRIS
_n0
_cANA
999 _c192122
_d192122